LEADER 01073nas 2200409 c 450 001 996206805703316 005 20171201154806.0 035 $a(CKB)1000000000272074 035 $a(DE-599)ZDB2088927-6 035 $a(OCoLC)163147898 035 $a(OCoLC)645592567 035 $a(DE-101)023898496 035 $a(EXLCZ)991000000000272074 100 $a20020918a19989999 |y | 101 0 $ager 135 $aur||||||||||| 181 $ctxt$2rdacontent 182 $cc$2rdamedia 183 $acr$2rdacarrier 200 00$aAkzente$fVerband der Lehrer an beruflichen Schulen in Bayern 210 31$aMu?nchen$d1998- 215 $aOnline-Ressource 311 $a0942-6930 517 1 $aAkzente online 608 $aZeitschrift$2gnd-content 676 $a330 676 $a360 676 $a370 686 $a012000*zs$2sbb 712 02$aVerband der Lehrer an Beruflichen Schulen in Bayern$4isb 801 0$b3238 801 1$bDE-101 801 2$b9999 906 $aJOURNAL 912 $a996206805703316 996 $aAkzente$969553 997 $aUNISA LEADER 01642nam 2200409Ia 450 001 996397063903316 005 20221108100148.0 035 $a(CKB)4940000000061751 035 $a(EEBO)2240925533 035 $a(OCoLC)9920432500971 035 $a(EXLCZ)994940000000061751 100 $a19980106d1627 uy | 101 0 $aeng 135 $aurbn||||a|bb| 200 10$aBy the King$b[electronic resource] $ea proclamation for the maintaining and increase of the mines of saltpeter, and the true making and working of saltpeter and gunpowder, and reforming of all abuses concerning the same 210 $aImprinted at London $cBy Bonham Norton and Iohn Bill, Printers to the Kings most Excellent Maiestie$dM.DC.XXVII [1627] 215 $a[4] leaves 300 $aCaption title. 300 $aImprint from colophon. 300 $a"Giuen at Our Court at Ampthell, the three and twentieth day of Iuly, in the third yeere of Our Reigne of Great Britaine, France, and Ireland. 300 $aReproduction of original in: Henry E. Huntington Library and Art Gallery. 330 $aeebo-0113 606 $aSaltpeter industry$zEngland$vEarly works to 1800 606 $aGunpowder$vEarly works to 1800 606 $aNitrogen industries$vEarly works to 1800 607 $aGreat Britain$xHistory$yCharles I, 1625-1649 615 0$aSaltpeter industry 615 0$aGunpowder 615 0$aNitrogen industries 701 $aCharles$cKing of England,$f1600-1649.$0793295 801 0$bEBK 801 1$bEBK 801 2$bWaOLN 906 $aBOOK 912 $a996397063903316 996 $aBy the King$92297757 997 $aUNISA